000 00224nam a22000857a 4500
008 170207b xxu||||| |||| 00| 0 eng d
100 _92796
_aPearson. J
245 _aEekebee, yes that's me
260 _aOntario
_bDavid. c. Cook
_c1989
999 _c5994
_d5994